Normal view
MARC view
- Sweeney Abbott
Entry Personal Name
001 - CONTROL NUMBER
- control field: 9684
003 - CONTROL NUMBER IDENTIFIER
- control field: NUST
005 - DATE AND TIME OF LATEST TRANSACTION
- control field: 20180124122043.0
008 - FIXED-LENGTH DATA ELEMENTS
- fixed length control field: 180124|| aca||aabn | a|a d
040 ## - CATALOGING SOURCE
- Original cataloging agency: NUST
- Transcribing agency: NUST
100 ## - HEADING--PERSONAL NAME
- Personal name: Sweeney Abbott
670 ## - SOURCE DATA FOUND
- Source citation: Work cat.: (NUST)322091: Sweeney Abbott, Undersea Treasures, 1974
